000 01023nam a2200265Ia 4500
003 OSt
005 20221005104941.0
006 a|||||r|||| 00| 0
007 ta
008 221004b |||||||| |||| 00| 0 hin d
020 _a9789383513109 (hbk)
_cIndian Rupees 695
024 _a43866
037 _bGift, 29/05/2019,
_cTextual
040 _aCRL
_cCRL
_bhin
041 _2hin
_ahin
082 _aD65,8(B):71, 152Q4
100 _aचतुर्वेदी, जगदीश्वर, ले.
245 0 _aइंटरनेट
_b साहित्यालोचना और जनतंत्र
246 _aIanṭaraneṭa: sāhityālochanā aur janatantra
260 _aदिल्ली
_bस्वराज प्रकाशन भारत
_c2014
300 _a354पृ0
_ccm.
650 _aकम्प्यूटर
942 _hD65,8(B):71, 152Q4
_cTEXL
_2cc
999 _c1014293
_d1014293